Tanárváltozás

Suplujúci profesor Zjednoteného protestantského hlavného gymnázia v Rimavskej Sobote Alexander (Sándor) Csanády bol v októbri 1917 vymenovaný riaditeľskou radou Reformovaného hlavného gymnázia v Gyönki (HU) za riadneho dočasného profesora na gymnáziu.

Podrobná bibliografia
Médium: Článok
Jazyk:Hungarian
Témy:
Zdroj: 1. Murányvölgye : Szépirodalmi, társadalmi és közgazdasági hetilap 1. Roč. 7, č. 44 (04.11.1917) s. 2
LEADER 01181nab#a2200313#ar4500
001 000071697
003 SVKKK
005 20010412xxxxxxx.
008 06 c xo huno
FMT
038 |a SVKKK 
040 |a SVKKK  |b slo  |e AACR2 
041 0 |a hun 
044 |a xo  |c SK 
080 |a 284:257 
080 |a 371.213 
242 1 0 |a Výmena profesora 
245 0 0 |a Tanárváltozás 
520 2 |a Suplujúci profesor Zjednoteného protestantského hlavného gymnázia v Rimavskej Sobote Alexander (Sándor) Csanády bol v októbri 1917 vymenovaný riaditeľskou radou Reformovaného hlavného gymnázia v Gyönki (HU) za riadneho dočasného profesora na gymnáziu. 
650 0 4 |a Csanády, Alexander (profesor suplujúci) - Zjednotené protestantské hlavné gymnázium, Rimavská Sobota (SS) - pôsobenie - október 1917 - profesor riadny dočasný (funkcia) - vymenovanie - správy 
773 0 |t Murányvölgye : Szépirodalmi, társadalmi és közgazdasági hetilap  |g Roč. 7, č. 44 (04.11.1917) s. 2 
957 |a Rimavská Sobota 
958 |a CI 
958 |a DG 
958 |a SK 
974 |a ebl  |d 20010412 
992 |a RBX 
BAS
998 |a RETRO